000 00759nam a2200229 i 4500
001 bg
245 0 0 _aKultury pozaeuropejskie i globalizacja :
_bzderzenia /
_cred. nauk. Jerzy Zdanowski ; Wyższa Szkoła Handlu i Finansów Międzynarodowych.
260 _aWarszawwa :
_b"Elipsa" :
_bWSHiFM,
_c2000.
300 _a302 s. :
_bil. ;
_c24 cm.
504 _aBibliogr.
650 9 _aGlobalizacja
650 9 _aKraje gospodarczo nierozwinięte
_xkultura
700 1 _aZDANOWSKI, Jerzy.
_eRed.
710 0 _aWyższa Szkoła Handlu i Finansów Międzynarodowych
020 _a8371513666 ("Elipsa")
040 _cBPK
041 0 _apl
080 _a008(1-773)
920 _a83-7151-366-6 ("Elipsa")
942 _cKS
008 s pl f |000 0 pol
999 _c39660
_d39660
856 _uhttp://koha.tu.koszalin.pl/cgi-bin/koha/opac-detail.pl?biblionumber=39660
_yKatalog online BPK